Регионална библиотека "Любен Каравелов" - Русе

Архитектурные детали и оборудование зданий разного назначения (Запис номер 396678)

MARC детайли
000 -Лидер
Контролно поле с фиксирана дължина nam a22 a 4500
003 - Код на организацията, давaща контролен номер
Контролно поле BLK
005 - Дата и час на последна редакция
Контролно поле 20221208031031.0
008 - Елементи от данни с фиксирана дължина
fixed length control field 210202b bu |||||r|||| 00| | bu d
040 ## - Източник на каталожния запис
Идентификатор на билиотеката - собственик на записа BLK
041 ## - Код за език
Код за езика на текст/звукозапис или на отделно заглавие Руски
Код за езика КДБФ Руски
080 ## - УДК
УДК код - определител по УДК 725
Текстов определител УДК Архитектура на обществени, търговски и промишлени сгради
УДК - код + определител 725
100 ## - Редна дума - Автор
R(LIN) 440050
Автор Хорнбостл, Калеб
Авторска отговорност първи автор
139 ## - Редно поле
Редна дума Хорнбостл, Калеб
245 ## - Сведения за заглавието
Заглавие Архитектурные детали и оборудование зданий разного назначения
Редно поле (дума) Калеб Хорнбостл, Элмер А. Беннет; Сокр. пер. с англ. И.Л. Черня.
257 ## - Страна на издаване
Страна на създаване/издаване СССР
260 ## - Област на издателските данни
Име на издателя, разпространителя и проч. Госстройиздат
Година на издаване 1963
9 (RLIN) 216146
Място на издаване, разпространение и проч. Москва
300 ## - Физическа характеристика
Страници 200 с.
Размери/Мащаб 27 см
Илюстрации и др. с ил., сх.
380 ## - Жанр
Жанр Изкуство
653 #7 - Ключова дума – ненормативна
Ключова дума архитектура
9 (RLIN) 181364
653 #7 - Ключова дума – ненормативна
Ключова дума сгради
9 (RLIN) 196309
700 ## - Други автори (авторска отговорност)
Лично име Беннет, Элмер А.
Автороска отговорност (Описва отношението между автора и произведението) съавт.
9 (RLIN) 1445
852 ## - Местоположение
Форматна сигнатура Цб ІІ 2402
Фондова буква Хранилище
999 ## - СИСТЕМНИ КОНТРОЛНИ НОМЕРА
Koha biblionumber 396678
Koha biblioitemnumber 396678
942 ## - АРТИКУЛИ
Вид на библиотечния материал Книги
Скрит в OPAC Не
Периодичен библиозапис Да
944 ## - СЪЗДАВАНЕ И РЕДАКЦИЯ на ЗАПИСА
Създаване/Редакция Създаване
Дата на регистрацията/редакция 2021-02-02
Наличности
Код за отписване Код за изгубен артикул Източник на класификационната схема Код за повреда Коз за рестрикции Код за отдаване Артикулен № Име на библиотеката - собственик Име на библиотеката, в която се намира в момента Статус (Текущо местоположение) Дата на вписване в системата Местоположение - отдел Цена в лева Инвентарен номер Систематично азбучна сигнатура Баркод Цена в евро Служебен тип на артикула
  Не е изгубен Universal Decimal Classification Не е повреден само за читалня ползва се в читалня 810053 Регионална библиотека "Любен Каравелов" Русе Регионална библиотека "Любен Каравелов" Русе Хранилище 2021-02-02 Основен фонд - ползва се само за читалня 1.34 6735/64 Цб II 2402 900000048161 0.69 Книги
Vip Innovations Ltd, Rousse, Bulgaria 2025